| 000 | 01194nam0a22002411 4500 | ||
|---|---|---|---|
| 001 | rc\332465 | ||
| 005 | 20250621041406.0 | ||
| 035 | _a(NLR Aleph) 005567693 | ||
| 090 |
_a5978664 _c5978664 |
||
| 100 | _a20030307d1989 |||y0rusy50 ca | ||
| 101 | 0 | _arus | |
| 102 | _aRU | ||
| 105 | _ay ||||||||| | ||
| 200 | 1 |
_aБиотехнологические способы очистки сточных вод _eРеф. сб. _fМеждунар. центр науч. и техн. информ. (головной орган МСИС НИР), НИИ вод. хоз-ва г. Братислава (головной орган Водоинформ) |
|
| 210 |
_aМ. _cМЦНТИ _d1989 |
||
| 215 |
_a[1], 32 с. _d30 |
||
| 225 | 1 |
_aИнформационное обеспечение комплексной программы научно-технического прогресса стран-членов СЭВ до 2000 года _iПриоритетное направление "Ускоренное развитие биотехнологии" |
|
| 333 | _aДСП. Экз. № 0000007 | ||
| 801 | 0 |
_aRU _bNLR _gpsbo |
|
| 801 | 1 |
_aRU _bELAR _2rusmarc |
|
| 852 |
_aNLR _j90-50К/281 |
||
| 942 | _cBOOK | ||
| 980 | _aNB | ||